000
00460nam a2200145Ia 4500
008
100204s9999 xx 000 0 und d
082
_b
5363
100
_a
टिळक ज. श्री.
245
_a
अशी ही दिल्ली
260
_b
"केसरी प्रकाशन, पुणे"
_c
1971
300
_a
271
630
_a
अशी ही दिल्ली
730
_a
अशी ही दिल्ली
942
_c
BOOK
999
_c
449961
_d
449958